Očakávania sa zatiaľ neplnia priame zahraničné investície treba nasmerovať do všetkých oblastí možného exportu

Podrobná bibliografia
Hlavný autor: Sotník, Alexander (Autor)
Médium: Článok
Jazyk:slovenčina
Predmet:

MARC

LEADER 00000nab a2200000 a 4500
001 vtls000720067
003 SK-MaSNL
005 20260426072904.0
008 180206c2000 xo 0 slo
015 |a SNBRB2000/04-09806 
035 |a CLN000072234 
040 |a SNKBUCL  |b slo  |c SNKBUCL  |e AACR2 
041 0 |a slo 
044 |a xo  |c SK 
080 |a 339.727.22(437.6)  |2 UDC-MRF-SK2 
080 |a 338.1(437.6):339.927.22  |2 UDC-MRF-SK2 
100 1 |a Sotník, Alexander  |4 aut  |9 265401 
245 1 0 |a Očakávania sa zatiaľ neplnia  |b priame zahraničné investície treba nasmerovať do všetkých oblastí možného exportu  |c Alexander Sotník 
650 0 7 |a ekonomika  |2 SNKPH  |9 789 
650 0 7 |a zahraničné investície  |2 SNKPH  |9 2650 
651 7 |a Slovensko  |2 SNKPHgeo  |9 14231 
655 7 |a články z novín a časopisov  |2 SNK  |9 267496 
773 0 |t Profit  |g Roč. 8, č. 4 (2000), s. 26-27 
850 |a Slovenská národná knižnica v Martine 
852 |a SNK  |b KIS3GCP 
958 |a RBX 
999 |c 2694834  |d 2696764